Digital Communication (Record no. 23940)

000 -LEADER
fixed length control field 00185nam a22000737a 4500
003 - CONTROL NUMBER IDENTIFIER
control field Nust
005 - DATE AND TIME OF LATEST TRANSACTION
control field 20170612133308.0
008 - FIXED-LENGTH DATA ELEMENTS--GENERAL INFORMATION
fixed length control field 140425b xxu||||| |||| 00| 0 eng d
040 ## - CATALOGING SOURCE
Original cataloging agency DLC
Language of cataloging DLC
Transcribing agency RCMS
050 ## - LIBRARY OF CONGRESS CALL NUMBER
Classification number 621.38221 PRO
082 ## - DEWEY DECIMAL CLASSIFICATION NUMBER
Edition number 4th Ed.
Classification number 621.38221 PRO
100 ## - MAIN ENTRY--PERSONAL NAME
Personal name John G. Proakis
9 (RLIN) 2461
245 ## - TITLE STATEMENT
Title Digital Communication
Statement of responsibility, etc. John G. Proakis
300 ## - PHYSICAL DESCRIPTION
Extent xxi, 1002 p. ;
Other physical details ill, ;
Dimensions 26 cm.
538 ## - SYSTEM DETAILS NOTE
Display text Shelf # 15, Row # 2, Communication.
650 ## - SUBJECT ADDED ENTRY--TOPICAL TERM
Topical term or geographic name entry element Digital Communication
9 (RLIN) 718
856 ## - ELECTRONIC LOCATION AND ACCESS
Materials specified Table of contents only
Uniform Resource Identifier <a href="http://www.loc.gov/catdir/toc/ecip0716/2007017469.html">http://www.loc.gov/catdir/toc/ecip0716/2007017469.html</a>
942 ## - ADDED ENTRY ELEMENTS (KOHA)
Source of classification or shelving scheme
Koha item type Book
Classification part 621.38221 PRO
Holdings
Withdrawn status Lost status Source of classification or shelving scheme Damaged status Not for loan Permanent Location Current Location Shelving location Date acquired Total Checkouts Total Renewals Full call number Barcode Date last seen Date last checked out Price effective from Koha item type
          NUST Baluchistan Campus (NBC) NUST Baluchistan Campus (NBC) General Stacks 04/25/2014 1 1 621.38221PRO RCMS000353 07/18/2022 04/19/2021 04/25/2014 Book
          NUST Baluchistan Campus (NBC) NUST Baluchistan Campus (NBC) General Stacks 04/25/2014 2   621.38221PRO RCMS000354 10/16/2017 10/10/2017 04/25/2014 Book
© 2023 Central Library, National University of Sciences and Technology. All Rights Reserved.